00282nam a22001097a 4500020001800000082001500018100003100033245002800064260005300092300001100145650001600156 a9788174357267 a340.59 NYA aNayazee , Imran Ahsan Khan aTheories Of Islamic Law aNew Delhi bAdam Publishers & Distributorsc2014 a334 P aIslamic Law